Zvýšenie energetickej bezpečnosti Slovenska

Plynová kríza na začiatku tohto roku a možnosti zabezpečenia zdrojov zemného plynu pre SR. Diverzifikácia zdrojov plynu - dodávky z Nórska, plynovod Nabucco, import skvapalneného zemného plynu (LNG) z nálezísk mimo Ruskej federácie. Využívanie LNG v Európe. Výhody využívania LNG pre Slovensko.

Salvato in:
Dettagli Bibliografici
Autore principale: Dávid, Andrej
Natura: Capitolo di libro
Lingua:slovacco
Soggetti:
Tags: Aggiungi Tag
Nessun Tag, puoi essere il primo ad aggiungerne!!

MARC

LEADER 00000naa$a2200000$$$4500
001 0094420
005 20231108135206.7
041 0 |a slo 
044 |a SK 
245 1 0 |a Zvýšenie energetickej bezpečnosti Slovenska  |c Andrej Dávid 
520 |a Plynová kríza na začiatku tohto roku a možnosti zabezpečenia zdrojov zemného plynu pre SR. Diverzifikácia zdrojov plynu - dodávky z Nórska, plynovod Nabucco, import skvapalneného zemného plynu (LNG) z nálezísk mimo Ruskej federácie. Využívanie LNG v Európe. Výhody využívania LNG pre Slovensko. 
610 2 0 |a energetika 
610 2 0 |a bezpečnosť energetická 
610 2 0 |a zdroje energetické 
610 2 0 |a plyn zemný 
610 2 0 |a plynovody 
610 2 0 |a dovoz 
610 2 0 |a kríza 
610 2 0 |a Slovensko 
610 2 0 |a Európa 
100 1 |a Dávid, Andrej